000 00300nam a2200121 a 4500
008 101213s1996|||| d
100 1 _aBútorová, Zora
245 1 0 _aOna a On na Slovensku
260 _aBratislava
_c1996
_bAliancia žien Slovenska
020 _c10
041 _aslo
044 _axo
_cSK
999 _c15174
_d15174